The essentials of the environment / (Record no. 13931)
[ view plain ]
| 000 -LEADER | |
|---|---|
| fixed length control field | 01402cam a22003857a 4500 |
| 001 - CONTROL NUMBER | |
| control field | 14378264 |
| 003 - CONTROL NUMBER IDENTIFIER | |
| control field | OSt |
| 005 - DATE AND TIME OF LATEST TRANSACTION | |
| control field | 20211021082752.0 |
| 008 - FIXED-LENGTH DATA ELEMENTS--GENERAL INFORMATION | |
| fixed length control field | 060516s2005 enkab b 000 0 eng d |
| 010 ## - LIBRARY OF CONGRESS CONTROL NUMBER | |
| LC control number | 2006276481 |
| 015 ## - NATIONAL BIBLIOGRAPHY NUMBER | |
| National bibliography number | GBA481788 |
| Source | bnb |
| 016 7# - NATIONAL BIBLIOGRAPHIC AGENCY CONTROL NUMBER | |
| Record control number | 013039190 |
| Source | Uk |
| 020 ## - INTERNATIONAL STANDARD BOOK NUMBER | |
| International Standard Book Number | 0340816325 (pbk.) |
| 035 ## - SYSTEM CONTROL NUMBER | |
| System control number | (CStRLIN)CTYA7219035-B |
| 035 ## - SYSTEM CONTROL NUMBER | |
| System control number | (CtY)7219035 |
| 040 ## - CATALOGING SOURCE | |
| Original cataloging agency | UKM |
| Transcribing agency | HU |
| Modifying agency | CUS |
| -- | BAKER |
| -- | CtY |
| -- | DLC |
| 042 ## - AUTHENTICATION CODE | |
| Authentication code | lccopycat |
| 050 00 - LIBRARY OF CONGRESS CALL NUMBER | |
| Classification number | GE105 |
| Item number | .K47 2005 |
| 082 04 - DEWEY DECIMAL CLASSIFICATION NUMBER | |
| Classification number | 363.7 |
| Edition number | 22 |
| 100 1# - MAIN ENTRY--PERSONAL NAME | |
| Personal name | Kerski, Joseph J. |
| 9 (RLIN) | 14738 |
| 245 14 - TITLE STATEMENT | |
| Title | The essentials of the environment / |
| Statement of responsibility, etc. | Joseph Kerski and Simon Ross. |
| 260 ## - PUBLICATION, DISTRIBUTION, ETC. | |
| Place of publication, distribution, etc. | London : |
| Name of publisher, distributor, etc. | Hodder Arnold, |
| Date of publication, distribution, etc. | 2005. |
| 300 ## - PHYSICAL DESCRIPTION | |
| Extent | xii, 318 p. : |
| Other physical details | ill., maps ; |
| Dimensions | 24 cm. |
| 504 ## - BIBLIOGRAPHY, ETC. NOTE | |
| Bibliography, etc. note | Includes bibliographical references. |
| 650 #0 - SUBJECT ADDED ENTRY--TOPICAL TERM | |
| Topical term or geographic name entry element | Environmental sciences. |
| 9 (RLIN) | 5765 |
| 650 #0 - SUBJECT ADDED ENTRY--TOPICAL TERM | |
| Topical term or geographic name entry element | Environmental protection. |
| 9 (RLIN) | 8059 |
| 650 #0 - SUBJECT ADDED ENTRY--TOPICAL TERM | |
| Topical term or geographic name entry element | Nature |
| General subdivision | Effect of human beings on. |
| 9 (RLIN) | 8312 |
| 650 #0 - SUBJECT ADDED ENTRY--TOPICAL TERM | |
| Topical term or geographic name entry element | Environmental policy. |
| 9 (RLIN) | 2112 |
| 700 1# - ADDED ENTRY--PERSONAL NAME | |
| Personal name | Ross, S. R. J. |
| Fuller form of name | (Simon R. J.) |
| 9 (RLIN) | 14739 |
| 856 41 - ELECTRONIC LOCATION AND ACCESS | |
| Materials specified | Table of contents only |
| Uniform Resource Identifier | <a href="http://www.loc.gov/catdir/enhancements/fy0626/2006276481-t.html">http://www.loc.gov/catdir/enhancements/fy0626/2006276481-t.html</a> |
| 856 42 - ELECTRONIC LOCATION AND ACCESS | |
| Materials specified | Publisher description |
| Uniform Resource Identifier | <a href="http://www.loc.gov/catdir/enhancements/fy0724/2006276481-d.html">http://www.loc.gov/catdir/enhancements/fy0724/2006276481-d.html</a> |
| 906 ## - LOCAL DATA ELEMENT F, LDF (RLIN) | |
| a | 7 |
| b | cbc |
| c | copycat |
| d | 2 |
| e | ncip |
| f | 20 |
| g | y-gencatlg |
| 942 ## - ADDED ENTRY ELEMENTS (KOHA) | |
| Source of classification or shelving scheme | Dewey Decimal Classification |
| Koha item type | Books like text book referance book |
| Suppress in OPAC | No |
| Withdrawn status | Lost status | Source of classification or shelving scheme | Damaged status | Not for loan | Collection code | Home library | Current library | Shelving location | Date acquired | Total Checkouts | Full call number | Barcode | Date last seen | Copy number | Price effective from | Koha item type |
|---|---|---|---|---|---|---|---|---|---|---|---|---|---|---|---|---|
| Dewey Decimal Classification | Social Library | Social Library | General Stacks | 11/23/2021 | 363.7/KER | SHLIB 00009674 | 11/23/2021 | 1 | 11/23/2021 | Books like text book referance book | ||||||
| Dewey Decimal Classification | Reference | Wondo Genet Library | Wondo Genet Library | General Stacks | 10/21/2021 | 363.7KER 2005 | WGCFNRL00004551 | 10/21/2021 | 1 | 10/21/2021 | Books like text book referance book | |||||
| Dewey Decimal Classification | Reference | Wondo Genet Library | Wondo Genet Library | General Stacks | 10/21/2021 | 363.7KER 2005 | WGCFNRL00004552 | 10/21/2021 | 2 | 10/21/2021 | Books like text book referance book |